| 000 | 00791nam a22002057a 4500 | ||
|---|---|---|---|
| 005 | 20180502163354.0 | ||
| 010 | _a1718EN-30 ENG-121834 | ||
| 020 |
_a9789386105554 _c995.00 |
||
| 035 | _aB-684383-405 | ||
| 037 |
_bViva _adpl |
||
| 082 | _a541.3 | ||
| 100 | _aChang, Raymond | ||
| 245 |
_aPhysical chemistry : _cby Raymond Chang _bfor the chemical and biological sciences / |
||
| 260 |
_c2016 _aNew Delhi _bViva Books |
||
| 270 |
_a4737/23, Ansari Road, Darya Ganj, _bNew Delhi _e110002 |
||
| 300 |
_c24cm(pbk) _axvi,1018p. : _bill. |
||
| 500 | _aIncludes index | ||
| 942 |
_cEN _2ddc _mCHA _h541.3 |
||
| 999 |
_c144403 _d144403 |
||